Biblioteka Instytutu Północnego w Olsztynie

Widok standardowy Widok MARC

Pozycja Personal Name

Liczba rekordów, w których użyto hasła: 1

001 - Numer kontrolny

  • control field: 40939

003 - Identyfikator numeru kontrolnego

  • control field: NUKAT

005 - Data i czas ostatniej modyfikacji

  • control field: 20260429211914.0

008 - Dane kontrolne kodowane (40 znaków)

  • fixed length control field: 040329n||a|znnaabn |a aaa |c

010 ## - Numer kontrolny Biblioteki Kongresu

  • numer kontrolny LC: n 2004074138

024 7# - OTHER STANDARD IDENTIFIER

  • Standard number or code: 307174568
  • Source of number or code: viaf

040 ## - Instytucja sporządzająca rekord

  • inst. przygot. dane do rek. khw: GD U/as
  • język haseł przedmiotowych/tezaurus: kaba
  • inst. wprow. rek. khw: GD U/as

100 1# - Hasło - nazwa osobowa

  • nazwa osobowa w formie ujednoliconej: Stojanowski, Józef.

400 1# - Trop zob. - nazwa osobowa

  • nazwa osobowa (nazwisko, imiona): Stojanowski, Joseph.

670 ## - Źródło informacji

  • źródło informacji: Kp. L'agriculture polonaise pendant la guerre (1914-1920). Pt.3 / Ladislas Grabski, Joseph Stojanowski, Jan Warężak. - Varsovie, 1939.
Biblioteka Instytutu Północnego, ul. Partyzantów 87, 10-402 Olsztyn, email: biblioteka(at)ip.olsztyn.pl